Statystyki dla Jakie to państwo? - rozsypanka literowa (Europa) #2

Kliknij tutaj aby rozwiązać quiz!

Ogólne statystyki

  • Ten quiz został rozwiązany 331 razy
  • Średni wynik to 11 z 12

Statystyki odpowiedzi

RozsypankaPaństwo% Poprawnych
LKASOPPolska
97%
OOOSWKKosowo
93%
AAHLONDIHolandia
92%
YHŁOCWWłochy
92%
CCHYZECzechy
88%
NNIETSTEIEHCLLiechtenstein
88%
JEGRACGrecja
87%
RUTJACTurcja
86%
PAAINZSIHHiszpania
85%
ZEJCWASSzwecja
85%
RKANIAUUkraina
83%
NIDAALRIIrlandia
77%

Rozkład punktacji

Percentyl według liczby udzielonych odpowiedzi

Procent ludzi z każdym wynikiem

Twoja historia wyników

Nie rozwiązałeś tego quizu